Trasa Autobusu 209 Warszawa - Statystyki

Ogólne statystyki
  • Ten quiz został rozwiązany 7 razy
  • Średni wynik to 11 z 19
Statystyki odpowiedzi
Ulice Przystanki % Poprawnych
Stanisława Herbsta Metro Stokłosy
83%
Wilhelma Konrada Roentgena Centrum Onkologii
67%
Stanisława Herbsta Dunikowskiego
67%
Puławska Łagiewnicka
67%
Puławska Pelikanów
67%
Baletowa PKP Dawidy
67%
Puławska Sójki
67%
Al. KEN Ursynów Południowy
67%
Filipiny Płaskowickiej Centrum Handlowe Ursynów
50%
Baletowa Dawidy
50%
Baletowa Dawidy
50%
Baletowa Farbiarska
50%
Baletowa Jeziorki Północne
50%
Baletowa Kornicka
50%
Wilhelma Konrada Roentgena Łukaszczyka
50%
Wilhelma Konrada Roentgena Makolągwy
50%
Baletowa Sarabandy
50%
Puławska Żołny
50%
Puławska Bogatki
33%
Nie znaleziono quizów pasujących do podanych kryteriów
Rozkład punktacji
Procent ludzi z każdym wynikiem
Percentyl według liczby udzielonych odpowiedzi
Twoja historia wyników
Nie rozwiązałeś tego quizu